000 00589nam a2200181Ia 4500
008 151018s9999 xx 000 0 und d
082 _bRBASDV44501
_a620
100 _aशर्मा क्षीरसागर
245 _aपहिए की कहानी
250 _b1
260 _bअपराजिता
_c2005
300 _a60
600 _aशर्मा क्षीरसागर
630 _aपहिए की कहानी
700 _aशर्मा क्षीरसागर
730 _aपहिए की कहानी
942 _cBOOK
999 _c1043698
_d1043695